000 00915cam a2200265 a 4500
001 000015573
005 20240301180539.0
008 791015s1979 sp b 000 0 spa d
020 _a8430907963
035 _a(DLC) 79114160
040 _aDO-SdBNP
_bspa
_cBNPHU
_dDLC
082 _a921.343
_bM392U
100 1 _aUreña M., Enrique.
_935136
245 1 3 _aLa crítica kantiana de la sociedad y de la religión :
_bKant, predecesor de Marx y Freud /
_cEnrique M. Ureña.
260 _aMadrid :
_bTecnos,
_c1979.
300 _a151 p. ;
_c20 cm.
490 1 _aVentana abierta
504 _aIncluye referencias bibliográficas y notas al pie de las páginas.
600 1 4 _aKANT, IMMANUEL,
_d1724-1804
_xINFLUENCIA
_935137
600 1 0 _aMarx, Karl,
_d1818-1883
_930439
600 1 4 _aFREUD, SIGMUND,
_d1856-1939.
_935138
830 0 _aVentana abierta
_913361
910 _aCatalogación por copia / LC
049 _aBNGR
999 _c15129
_d15129